000 00862nam a22002537i 4500
003 DO-SdBNP
005 20250623102528.0
007 ta
008 250523b2002 |||||||| |||| 00| 0 spa d
040 _aDO-SdBNP
_bspa
_cBNPHU
_erda
041 _hspa
082 _a343.084
_bR426Lc
_222
110 _aRepública Dominicana.
_b[Leyes, etc.]
_9607
245 1 _aLey no. 126-02 sobre el comercio electrónico :
_bdocumentos y firmas digitales, promulgada el 4 de septiembre del 2002
264 _aSanto Domingo :
_b[Editora no identificada]
_c2002
300 _a48 páginas ;
_c27 cm
336 _ardacontent
_btexto
_2txt
337 _ardamedia
_bsin mediación
_2n
338 _ardacarrier
_bvolumen
_2nc
500 _aLey No. 3-02 sobre registro mercantil, promulgada el 18 de enero del 2002
590 _aInventariado, 2025/DG
910 _aDG
942 _2ddc
_cLF2
999 _c59358
_d59358